1495 1359 1030 1198 1084 1443 1485 1452 1707 1266 1003 1317 1664 1068 1913 1319 1056 1193 1087 1062 1367 1083 1829 1947 1133 1203 1466 1411 1939 1489 1327 1259 1486 1470 1844 1747 1037 1062 1365 1403 1220 1636 1126 1817 1526 1917 1114 1236 1629 1174 1238 1684 1750 1143 1755 1614 1151 1662 1296 1343 1785 1675 1436 1498 1618 1538 1593 1133 1967 1458 1823 1697 1321 1252 1837 1440 1856 1520 1026 1356 1691 1501 1115 1626 1911 1804 1155 1708 1859 1093 1557 1317 1649 1704 1856 1320 1955 1830 1455 BCNSPRNW ULIB Ver.6.0+V

เปลี่ยนเป็นภาษาไทย

Change to English
 แสดงรายละเอียดบรรณานุกรม
  กลับหน้าหลัก

Brief Record : Get Marc (ISO 2709) : E-mail record : QR code < ปิดหน้าต่าง
LEADER : 00000nam 2200000uu 4500
001    13399114031
003     ULIB
008    110719s||||||||th 000 0 tha d
020    9789748418636
099    นว.^bอ886ส 2550
100 1  โยชิคาวะ, เอจิ
245 10 สามก๊ก 3 ศึกผาแดง/^cเอจิ โยชิคาวะ, เรื่อง ; จัน สัมฤทธิ์, แปล
250    พิมพ์ครั้งที่ 1
260    กรุงเทพฯ :^bอมรินทร์คอมมิกส์,^c2550
505 0  ล. 2. ขอพบสามหน -- ล. 3. ศึกผาแดง
650  4 สามก๊ก^xการ์ตูน
650  4 วรรณกรรมสำหรับเด็ก
650  4 วรรณกรรมจีน^xการ์ตูน
651  4 จีน^xประวัติศาสตร์^xการ์ตูน
700 0  จัน สัมฤทธิ์
945    ^p149^l0^i022051
995    ทศพร
999 ^a ใช้งานได้ทุกระบบ
รายการนี้ยังไม่มีแท็ก
คุณยังไม่ได้ล็อกอิน คุณสามารถมีกิจกรรมร่วมกับเว็บไซต์ได้ แต่ต้องล็อกอินก่อน ::
  ล็อกอิน

รายการสื่อสารสนเทศ

ลำดับที่ ประเภท เลขเรียก/บาร์โค้ด สถานที่ สถานะ
1. นวนิยาย
นวนิยาย
นว. อ886ส 2550 ฉ.1 
  Barcode: 022051
ห้องสมุดวิทยาเขตสวรรค์ประชารักษ์
►นวนิยาย
บนชั้น
  ขอยืม

รายการใกล้เคียง
    ผู้แต่ง [โยชิคาวะ, เอจิ]

    หัวเรื่อง [วรรณกรรมสำหรับเด็ก]

BibComment


ยังไม่เคยถูกคอมเมนท์

คอมเมนท์ทรัพยากรรายการนี้
  คอมเมนท์: สามก๊ก 3 ศึกผาแดง..


 Copyright 2026. Bcnsprnw @Library